Filmes brasileiros com os maiores públicos - Statistics

Estatísticas Gerais
  • Esse quiz foi jogado 112 vezes
  • A pontuação média é 4 de 17
Estatísticas das Respostas
Ano Filme Público % Correto
2016 Minha Mãe É Uma Peça 2 9.307.612
69%
2019 Minha Mãe É Uma Peça 3 11.608.254
69%
2010 Tropa de Elite 2 - O Inimigo Agora É Outro 11.146.273
52%
1976 Dona Flor e Seus Dois Maridos 10.735.524
32%
2016 Os Dez Mandamentos - O Filme 11.305.479
22%
2009 Se Eu Fosse Você 2 6.136.345
20%
2018 Nada a Perder 12.184.373
19%
2019 Nada a Perder 2 6.193.133
19%
2005 2 Filhos de Francisco 5.319.677
12%
1978 A Dama do Lotação 6.509.134
9%
2018 Minha Vida em Marte 5.337.119
9%
1981 Os Saltimbancos Trapalhões 5.218.574
7%
1977 O Trapalhão nas Minas do Rei Salomão 5.786.226
6%
1981 Os Trapalhões na Guerra dos Planetas 5.089.970
5%
1979 Cinderelo Trapalhão 5.027.043
2%
1976 Lúcio Flávio, o Passageiro da Agonia 5.401.325
2%
1982 Os Trapalhões na Serra Pelada 5.043.350
2%
Nenhum quiz correspondente encontrado
Distribuição das Pontuações
Porcentagem de Pessoas com Cada Pontuação
Percentil de Números Respondidos
Sua Pontuação Histórica
Você não jogou esse quiz